Percutaneous Penetration Enhancers Chemical Methods in Penetration Enhancement Drug Manipulation Strategies and Vehicle Effects /

This truly comprehensive reference, in a mini-series format with five volumes, offers a detailed description of both well-known and recently introduced methods for percutaneous penetration enhancement. The first three volumes are devoted to the broad range of chemical methods used to enhance the ski...

Full description

Bibliographic Details
Corporate Author: SpringerLink (Online service)
Other Authors: Dragicevic, Nina (Editor), Maibach, Howard I. (Editor)
Format: Electronic eBook
Language:English
Published: Berlin, Heidelberg : Springer Berlin Heidelberg : Imprint: Springer, 2015.
Subjects:
Online Access:Full Text via HEAL-Link
LEADER 03639nam a22004455i 4500
001 978-3-662-45013-0
003 DE-He213
005 20151204162916.0
007 cr nn 008mamaa
008 150404s2015 gw | s |||| 0|eng d
020 |a 9783662450130  |9 978-3-662-45013-0 
024 7 |a 10.1007/978-3-662-45013-0  |2 doi 
040 |d GrThAP 
050 4 |a RL1-803 
072 7 |a MJK  |2 bicssc 
072 7 |a MED017000  |2 bisacsh 
082 0 4 |a 616.5  |2 23 
245 1 0 |a Percutaneous Penetration Enhancers Chemical Methods in Penetration Enhancement  |h [electronic resource] :  |b Drug Manipulation Strategies and Vehicle Effects /  |c edited by Nina Dragicevic, Howard I. Maibach. 
264 1 |a Berlin, Heidelberg :  |b Springer Berlin Heidelberg :  |b Imprint: Springer,  |c 2015. 
300 |a XVI, 341 p. 118 illus., 38 illus. in color.  |b online resource. 
336 |a text  |b txt  |2 rdacontent 
337 |a computer  |b c  |2 rdamedia 
338 |a online resource  |b cr  |2 rdacarrier 
347 |a text file  |b PDF  |2 rda 
505 0 |a THE SKIN -- The Skin Structure And Penetration Pathways Through The Skin -- The Increasing Importance Of The Follicular Route In Dermal And Transdermal Drug Delivery -- The Importance Of SC Lipid Organization For Skin Barrier Function -- Nanostructure Of The Epidermal Extracellular Space Investigated By Cryo-Electron Microscopy And Tomography -- The Correlation Between Transepidermal Water Loss And Percutaneous Drug Absorption -- Influence Of Excipients  On The Stratum Corneum Lipids And Epidermal Tight Junctions --  PENETRATION ENHANCEMENT TECHNIQUES IN SKIN DELIVERY -- Classification Of Penetration Enhancement Techniques -- DRUG MANIPULATION STRATEGIES IN PENETRATION ENHANCEMENT -- Selection Of A Proper Prodrug For Penetration Enhancement -- Supersaturated Solutions For Penetration Enhancement -- Eutectic Systems For Penetration Enhancement -- INFLUENCE OF VEHICLE EFFECTS IN PENETRATION ENHANCEMENT -- Dermal and Transdermal Formulations -- EMULSIONS (AS SKIN DELIVERY SYSTEMS) AS VEHICLES FOR SKIN DELIVERY.- GELS AS VEHICLES FOR SKIN DELIVERY. 
520 |a This truly comprehensive reference, in a mini-series format with five volumes, offers a detailed description of both well-known and recently introduced methods for percutaneous penetration enhancement. The first three volumes are devoted to the broad range of chemical methods used to enhance the skin delivery of drugs, including the vast variety of chemical penetration enhancers, drug and vehicle manipulation strategies, nanocarriers, and many others. The fourth volume discusses the diverse physical methods used in penetration enhancement, such as sonophoresis, iontophoresis, electroporation, microporation, laser ablation, and microneedles. Determination of drug penetration is covered in the final volume, with a focus especially on mathematics in skin permeation and modern analytical techniques adapted to assess and measure penetration. This edition of Percutaneous Penetration Enhancers will be an invaluable resource for researchers, pharmaceutical scientists, practitioners, and also students. 
650 0 |a Medicine. 
650 0 |a Pharmacology. 
650 0 |a Dermatology. 
650 1 4 |a Medicine & Public Health. 
650 2 4 |a Dermatology. 
650 2 4 |a Pharmacology/Toxicology. 
700 1 |a Dragicevic, Nina.  |e editor. 
700 1 |a Maibach, Howard I.  |e editor. 
710 2 |a SpringerLink (Online service) 
773 0 |t Springer eBooks 
776 0 8 |i Printed edition:  |z 9783662450123 
856 4 0 |u http://dx.doi.org/10.1007/978-3-662-45013-0  |z Full Text via HEAL-Link 
912 |a ZDB-2-SME 
950 |a Medicine (Springer-11650)